| 000 | 00423nam a2200157Ia 4500 | ||
|---|---|---|---|
| 001 | 64882 | ||
| 008 | 220426n2019 ii |||gr||||Z||||||465 | ||
| 020 | _a9789389845686 | ||
| 082 | _a005.133 | ||
| 100 |
_aKanetkar, Yashavant., _eAuthor., |
||
| 245 | 0 |
_aLet us c _cYashavant Kanetkar _hTextual Documents |
|
| 260 |
_aNew Delhi _bBPB Publications _c2019 |
||
| 300 |
_axv, 470p.: _c24cm. |
||
| 653 | _aLet us c | ||
| 942 |
_2ddc _cBK |
||
| 999 |
_c65982 _d65982 |
||